000 00714nam a2200229Ia 4500
003 GCL
008 140319s9999 xx 000 0 ara d
020 _a0115383977
040 _aGCL /
_cGCL
082 0 4 _aق
_b928.162
_bن ا
100 1 _aنجيب توفيق
245 1 0 _aاشهر الاسرات الادبية فى مصر /
_cنجيب توفيق
250 _aالاولى
260 _aالقاهرة :
_bدار العرب للبستانى ،
_c1995
300 _a196 ص:
_bايض ؛
_c24 سم
490 _a
650 0 4 _aالادباء
650 0 4 _aالادب العربى - تاريخ ونقد
650 0 4 _aمصر - تراجم
650 0 4 _aالادب العربى - مصر
942 _2ddc
_cBK
999 _c44103
_d44103